000 nam a22 7a 4500
999 _c10695
_d10695
008 180220b ||||| |||| 00| 0 eng d
100 _aRao,V.K.
_96414
245 _aGeeta Spiral Maths-3
260 _aNew Delhi
_bGeeta